000 02153nam a2200229Ia 4500
003 Ost
005 20260507075607.0
008 260507s9999||||xx |||||||||||||| ||und||
020 _a9789777332316
040 _cfsecg
041 _aara
082 _a657.45
100 _aالسيد، محمد فوزي محمد
_eمؤلف
245 0 _aأثر وظيفة المراجعة الداخلية للإستدامة على قيمة الشركة في ظل الإفصاح وبدائل الإسناد :
_bرسالة الدكتوراه الحائزة على جائزة بغداد الدولية كأفضل أطروحة دكتوراه في الوطن العربي في العلوم المحاسبية /
_c محمد فوزي محمد السيد
260 _aالإسكندرية :
_bدار التعليم الجامعي,
_c2019
300 _a292 صفحة؛
_bإيضاحات ؛
_c24 سم
504 _aالببليوغرافيا ص.261
520 _aتناول هذا الكتاب أثر وظيفة المراجعة الداخلية للإستدامة على قيمة الشركة (في ظل الإفصاح وبدائل الإسناد) حيث تناول من خلال فصول دراسته تحليل فجوة التوقعات في مجال المراجعة الداخلية عالميا ومحليا وتحليل العلاقة بين دوري المراجعة الداخلية في مجال استدامة الشركة وقيمة الشركة ، بالاضافة الى تحليل العلاقة بين الافصاح عن وبدائل اسناد وظيفة المراجعة الداخلية للإستدامة وقيمة الشركة، وفي الأخير قام بتحليل نتائج الدراسة التجريبية واختبار فروض البحث ، كما قدم النتائج والتوصيات ومجالات البحث المقترحة. ولقد حازت هذه الرسالة على جائزة بغداد الدولية كأفضل أطروحة دكتوراه في الوطن العربي في العلوم المحاسبية.
653 _aالمراجعة الداخلية
653 _aمراجعة الحسابات
942 _cكتاب
999 _c45047
_d45047